[Event "Heraklio op"]
[Site "Heraklio"]
[Date "1993.??.??"]
[Round "7"]
[White "Grivas, Efstratios"]
[Black "Georgiev, Krum"]
[Result "1/2-1/2"]
[WhiteElo "2505"]
[BlackElo "2475"]

1.e4 c5 2.Nf3 d6 3.Bb5+ Bd7 4.Bxd7+ Qxd7 5.c4 Nc6 6.d4 cxd4 7.Nxd4 g6 8.Nc3 Bg7
9.Be3 Nf6 10.f3 O-O 11.O-O Rfc8 12.b3 Qd8 13.Qd2 Nd7 14.Rfd1 Nxd4 15.Bxd4 Bxd4+
16.Qxd4 Qb6 17.Qxb6 Nxb6 18.Nd5 Nxd5 19.Rxd5  1/2-1/2

[Event "Heraklio op"]
[Site "Heraklio"]
[Date "1993.??.??"]
[Round "9"]
[White "Oratovsky, Michael"]
[Black "Loginov, Valery A"]
[Result "1-0"]
[WhiteElo "2420"]
[BlackElo "2505"]

1.e4 c5 2.Nf3 d6 3.Bb5+ Bd7 4.Bxd7+ Qxd7 5.c4 Nc6 6.Nc3 g6 7.d4 cxd4 8.Nxd4 Bg7
9.Be3 Nf6 10.f3 O-O 11.Qd2 a6 12.O-O Rfc8 13.Nde2 Qd8 14.b3 Nd7 15.Rab1 Rab8
16.a4 b6 17.Rfd1 Qf8 18.h4 h5 19.Kf2 Nce5 20.Nd5 Nc5 21.Kg1 e6 22.Ndc3 Rd8
23.Bg5 Rd7 24.Qa2 Rc8 25.Qd2 Kh7 26.Qe3 Qh8 27.Na2 b5 28.axb5 axb5 29.cxb5 d5
30.exd5 exd5 31.Nb4 d4 32.Nxd4 Ng4 33.fxg4 Bxd4 34.Rxd4 Qxd4 35.Nc6 Qxe3+
36.Bxe3 Nb7 37.gxh5 gxh5 38.Rf1 Re8 39.Bg5 Kg6 40.Bf6 Kh7 41.Ne5 Rc7 42.Rf5 Kh6
43.g4 Rc1+ 44.Kf2 Rc2+ 45.Kf3 Rxe5 46.Bxe5 hxg4+ 47.Kxg4  1-0

[Event "HUN-chT2"]
[Site "HUN"]
[Date "1993.??.??"]
[Round "?"]
[White "Toth, Laszlo"]
[Black "Videki, Sandor"]
[Result "0-1"]
[WhiteElo "2225"]
[BlackElo "2415"]

1.e4 c5 2.Nf3 d6 3.Bb5+ Nd7 4.O-O Nf6 5.Re1 a6 6.Bxd7+ Nxd7 7.c3 e6 8.d4 Be7
9.Nbd2 O-O 10.a4 b6 11.Nf1 Bb7 12.Ng3 Re8 13.Bf4 Qc7 14.h4 Rac8 15.Rc1 Bf8
16.e5 dxe5 17.Nxe5 Nxe5 18.dxe5 Qc6 19.Ne4 Red8 20.Qg4 Rd3 21.b3 c4 22.b4 Qxa4
23.Ng5 Qd7 24.f3 a5 25.bxa5 bxa5 26.Kh2 a4 27.Qh5 h6 28.Nh3 Bc5 29.Qg4 Kh7
30.Kg3 Bd5 31.Rh1 Qa7 32.Qh5 Be3 33.Ra1 Rc7 34.Ra2 Rxc3 35.Re2 Bxf4+ 36.Nxf4 Re3
37.Rxe3 Qxe3 38.Rb1 g6 39.Qg4 Qxe5 40.Kf2 Qd4+  0-1

[Event "HUN-chT2"]
[Site "HUN"]
[Date "1993.??.??"]
[Round "?"]
[White "Doery, Jeno"]
[Black "Istvandi, Lajos"]
[Result "1/2-1/2"]
[WhiteElo "2330"]
[BlackElo "2370"]

1.e4 c5 2.Nf3 d6 3.Bb5+ Bd7 4.Bxd7+ Qxd7 5.O-O Nc6 6.c3 Nf6 7.d4 cxd4 8.cxd4 d5
9.e5 Ne4 10.Be3 e6 11.Ne1 h6 12.Nd3 Rc8 13.f3 Ng5 14.Nc3 Be7 15.h4 Nh7 16.g3 f5
17.h5 Na5 18.Qe2 Nc4 19.Bf2 O-O 20.Kg2 Rc7  1/2-1/2

[Event "HUN-chT"]
[Site "HUN"]
[Date "1993.??.??"]
[Round "?"]
[White "Fusthy, Zsolt"]
[Black "Orso, Miklos"]
[Result "1/2-1/2"]
[WhiteElo "2320"]
[BlackElo "2340"]

1.e4 c5 2.Nf3 d6 3.Bb5+ Bd7 4.Bxd7+ Nxd7 5.O-O Ngf6 6.Qe2 e6 7.c3 Be7 8.d4 O-O
9.e5 dxe5 10.dxe5 Nd5 11.a3 Qb8 12.c4 N5b6 13.Nc3 Rd8 14.Re1 Nf8 15.h4  1/2-1/2

[Event "HUN-chT"]
[Site "HUN"]
[Date "1993.??.??"]
[Round "?"]
[White "Poor, Istvan"]
[Black "Schneider, Attila"]
[Result "1-0"]
[WhiteElo "2235"]
[BlackElo "2375"]

1.e4 c5 2.Nf3 d6 3.Bb5+ Bd7 4.Bxd7+ Qxd7 5.O-O Nc6 6.c4 Nf6 7.Nc3 g6 8.h3 Bg7
9.d3 O-O 10.Be3 Rfc8 11.Qd2 Rab8 12.Bh6 Bh8 13.Ng5 a6 14.f4 b5 15.Rae1 Ne8
16.e5 dxe5 17.Nxf7 Qd4+ 18.Kh1 Kxf7 19.fxe5+ Ke6 20.Re4 Qd8 21.Rf8 Bxe5 22.Qe2 Kd7
23.Nd5 Nd4 24.Qg4+ Kc6 25.Rxe5 e6 26.Nc3 Qd6 27.Qe4+ Kb6 28.Rf7 Rc7 29.b4 cxb4
30.Be3 Rd8 31.Rxe6 Rxf7 32.c5+ Kxc5 33.Bxd4+  1-0

[Event "HUN-chT"]
[Site "HUN"]
[Date "1993.??.??"]
[Round "?"]
[White "Orgovan, Sandor"]
[Black "Rigo, Janos"]
[Result "1-0"]
[WhiteElo "2330"]
[BlackElo "2355"]

1.e4 c5 2.Nf3 d6 3.Bb5+ Bd7 4.Bxd7+ Nxd7 5.O-O g6 6.c3 Bg7 7.d4 Qc7 8.Qe2 Rc8
9.Bg5 h6 10.Bh4 g5 11.Bg3 cxd4 12.Nxd4 Bxd4 13.cxd4 Qc4 14.Qe3 Ngf6 15.Nc3 h5
16.e5 dxe5 17.dxe5 Nh7 18.Ne4 Qe6 19.Nxg5 Nxg5 20.Qxg5 h4 21.Rac1 Rd8 22.Bxh4 Nxe5
23.Bg3 Nd3 24.Rc7 f5 25.Qg7 Rh5 26.Rd1 f4 27.Bxf4 Nxf4 28.Rxe7+  1-0

[Event "HUN-ch (Women)"]
[Site "HUN"]
[Date "1993.??.??"]
[Round "8"]
[White "Lakos, Nikoletta"]
[Black "Madl, Ildiko"]
[Result "0-1"]
[WhiteElo "2230"]
[BlackElo "2430"]

1.e4 c5 2.Nf3 d6 3.Bb5+ Nd7 4.d4 Nf6 5.Nc3 a6 6.Bxd7+ Nxd7 7.dxc5 Nxc5 8.Be3 e6
9.Bxc5 dxc5 10.Qxd8+ Kxd8 11.O-O-O+ Kc7 12.Ng5 Be7 13.Nxf7 Rf8 14.Ne5 Rxf2
15.Rhf1 Rf6 16.Ng4 Rf8 17.Rxf8 Bxf8 18.Rf1 Bd7 19.Ne5 Bd6 20.Nxd7 Kxd7 21.Rf7+ Kc6
22.Rxg7 Bxh2 23.Ne2 h5 24.g3 Rh8 25.Rg6 Kd6 26.Rg7 Ke5 27.Nc3 Kf6 28.Rxb7 Bxg3
29.Ne2 h4 30.Rb3 Be5 31.Ng1 Bd4 32.Nh3 Ke5 33.Ng5 Rh5 34.Nf7+ Kxe4 35.Rh3 Kf4
36.c3 Kg4 37.Rh1 Be3+ 38.Kd1 Kg3 39.Ke2 Bf2 40.Rf1 Rf5  0-1

[Event "HUN-ch (Women)"]
[Site "HUN"]
[Date "1993.??.??"]
[Round "11"]
[White "Madl, Ildiko"]
[Black "Velvart, Peterne"]
[Result "1/2-1/2"]
[WhiteElo "2430"]
[BlackElo "2155"]

1.e4 c5 2.Nf3 d6 3.Bb5+ Bd7 4.Bxd7+ Nxd7 5.O-O Ngf6 6.Re1 g6 7.c3 e5 8.d4 Bg7
9.dxe5 dxe5 10.Nbd2 O-O 11.a4  1/2-1/2

[Event "ITA-chT"]
[Site "ITA"]
[Date "1993.??.??"]
[Round "4"]
[White "Pozzi, Enrico"]
[Black "Milocco, Franco"]
[Result "0-1"]
[WhiteElo "2225"]
[BlackElo "2365"]

1.e4 c5 2.Nf3 d6 3.Bb5+ Bd7 4.Bxd7+ Qxd7 5.O-O Nc6 6.c3 Nf6 7.Qe2 e6 8.Rd1 Be7
9.d4 cxd4 10.cxd4 d5 11.e5 Ne4 12.Nc3 Nxc3 13.bxc3 O-O 14.Ng5 h6 15.Nh3 Rfc8
16.Rd3 Bf8 17.Qg4 Kh8 18.Rg3 Ne7 19.Nf4 Rc7 20.Nh5 Nf5 21.Rh3 Rac8 22.Bd2 Qa4
23.Qe2 Qc2 24.g4 Ne7 25.Rc1 Qxa2 26.Qd3 b5 27.Rb1 a6 28.Rd1 a5 29.Qf3 Qc2
30.g5 Nf5 31.g6 b4 32.gxf7 bxc3 33.Be3 Rxf7 34.Nf4 Qe4 35.Qxe4 dxe4  0-1

[Event "Jakarta Interzonal (Women)"]
[Site "Jakarta"]
[Date "1993.??.??"]
[Round "?"]
[White "Lelchuk, Zoja"]
[Black "Matveeva, Svetlana"]
[Result "0-1"]
[WhiteElo "2340"]
[BlackElo "2395"]

1.e4 c5 2.Nf3 d6 3.Bb5+ Bd7 4.Bxd7+ Nxd7 5.c4 Ngf6 6.Nc3 Ne5 7.d3 e6 8.Nxe5 dxe5
9.Bg5 Be7 10.Bxf6 Bxf6 11.Qa4+ Kf8 12.O-O g6 13.Qb5 Qc7 14.Rab1 Be7 15.a3 Kg7
16.b4 Rhd8 17.Rfd1 a6 18.Qa5 b6 19.Qa4 b5 20.Qb3 cxb4 21.axb4 Rxd3 22.Rxd3 bxc4
23.Nb5 axb5 24.Qc2 Ra4 25.Rdb3 Qa7 26.R3b2 Ra3 27.Qe2 Bd8 28.g3 Bb6 29.Kg2 Bd4
30.Rc2 Qa4 31.Qd1 Rb3 32.Rd2 Qxb4 33.Rxb3 cxb3 34.Rd3 b2 35.Qb1 Qc4 36.Rd2 b4
37.Rc2 Qa6 38.Rd2 b3 39.Rd3 Qc4 40.Rd2 Qc1 41.Rd1 Qc2 42.Rf1 Be3 43.Qe1 Bc1  0-1

[Event "Katowice op"]
[Site "Katowice"]
[Date "1993.??.??"]
[Round "1"]
[White "Szopieraj, Dariusz"]
[Black "Shipov, Sergei"]
[Result "0-1"]
[WhiteElo "2195"]
[BlackElo "2490"]

1.e4 c5 2.Nf3 d6 3.Bb5+ Bd7 4.Bxd7+ Qxd7 5.O-O Nc6 6.d4 cxd4 7.Nxd4 Nf6 8.Nc3 e6
9.Bg5 Be7 10.Nxc6 Qxc6 11.Qd4 h6 12.Bh4 O-O 13.Rad1 Rfd8 14.Rd3 a6 15.Kh1 Rac8
16.f4 b5 17.f5 Qc5 18.a3 Qxd4 19.Rxd4 Rc5 20.a4 Rb8 21.axb5 axb5 22.Rb4 Rc4
23.Rxc4 bxc4 24.fxe6 fxe6 25.Rb1 Kf7 26.b3 cxb3 27.Rxb3 Rc8 28.h3 Rc4 29.Bg3 Nxe4
30.Nxe4 Rxe4 31.Rf3+ Ke8 32.Rf4 Re2 33.Rd4 d5 34.c4 Bf6 35.Rg4 h5 36.Rf4 d4
37.c5 Kd7 38.Rf1 h4 39.Re1 Rxe1+ 40.Bxe1 Bg5  0-1

[Event "Katowice op"]
[Site "Katowice"]
[Date "1993.??.??"]
[Round "3"]
[White "Gizynski, Tomasz"]
[Black "Malisauskas, Vidmantas"]
[Result "0-1"]
[WhiteElo "2350"]
[BlackElo "2570"]

1.e4 c5 2.Nf3 d6 3.Bb5+ Bd7 4.Bxd7+ Qxd7 5.O-O Nc6 6.d4 cxd4 7.Nxd4 Nf6 8.Nc3 g6
9.Nf3 Bg7 10.Qe2 O-O 11.Nd5 Rfc8 12.c3 Ne8 13.Bd2 e6 14.Nf4 Na5 15.Rad1 b5
16.Bc1 Qb7 17.e5 dxe5 18.Nxe5 Nf6 19.Rd4 Nc6 20.Nxc6 Qxc6 21.Rfd1 a5 22.h3 b4
23.c4 Ne8 24.Re4 Rd8 25.Rxd8 Rxd8 26.b3 Qd7 27.Bb2 g5 28.Nh5 Bxb2 29.Qxb2 Qd1+
30.Kh2 Qxh5 31.Qe5 Qg6 32.Rg4 h6 33.Qxa5 Rd1 34.Qa8 f5 35.Rg3 f4 36.Rg4 Kh8
37.Qb8  0-1

[Event "Katowice op"]
[Site "Katowice"]
[Date "1993.??.??"]
[Round "8"]
[White "Bogumil, Pavel"]
[Black "Sokolov, Andrei"]
[Result "0-1"]
[WhiteElo "2350"]
[BlackElo "2480"]

1.e4 c5 2.Nf3 d6 3.Bb5+ Nc6 4.O-O Bd7 5.c3 a6 6.Ba4 Nf6 7.Re1 Qc7 8.d4 b5
9.Bb3 c4 10.Bc2 e5 11.Nbd2 Be7 12.Nf1 Bg4 13.Ne3 Bxf3 14.gxf3 O-O 15.Kh1 Rfd8
16.f4 exf4 17.Nf5 Bf8 18.Bxf4 Ne7 19.Nxe7+ Qxe7 20.Bg5 h6 21.Bh4 Qe6 22.Qf3 Re8
23.a4 b4 24.cxb4 Rab8 25.b5 Nd7 26.b3 axb5 27.axb5 g5 28.Bg3 Rxb5 29.bxc4 Qxc4
30.Bd3 Rb3 31.Bxc4 Rxf3 32.Ra7 Nb6 33.Ba2 Ra8 34.Rxa8 Nxa8 35.Rb1 Ra3 36.Rb8 Kg7
37.Rxf8 Rxa2 38.Rd8 Nc7 39.Rxd6 Ne6 40.Kg2 Ra3 41.Be5+ Kh7 42.Rc6 g4 43.d5 Ng5
44.Rc4 Rd3 45.Kf1 f5 46.Ke2 fxe4 47.d6 Nf3 48.Bf4 Nd4+ 49.Rxd4 Rxd4 50.Ke3 Rd1
51.Kxe4 Kg6 52.Ke5 Re1+ 53.Kd5 Kf5 54.Be3 Kf6 55.Bd4+ Kf7 56.d7 Ke7 57.Kc6 Rd1
58.Bc5+ Ke6 59.Be3 h5  0-1

[Event "Katowice op"]
[Site "Katowice"]
[Date "1993.??.??"]
[Round "8"]
[White "Gizynski, Tomasz"]
[Black "Gurevich, Vladimir"]
[Result "0-1"]
[WhiteElo "2350"]
[BlackElo "2425"]

1.e4 c5 2.Nf3 d6 3.Bb5+ Bd7 4.Bxd7+ Qxd7 5.c4 Nc6 6.Nc3 Nf6 7.O-O e6 8.d4 cxd4
9.Nxd4 Be7 10.f3 O-O 11.Be3 Rfc8 12.b3 b6 13.Rc1 a6 14.Qe2 Rab8 15.Nxc6 Rxc6
16.Rfd1 Qb7 17.Na4 Nd7 18.Qf2 Rbc8 19.Qg3 b5 20.Nb2 Bf6 21.Bd4 d5 22.Bxf6 Nxf6
23.exd5 exd5 24.Qf2 Qc7 25.Rc2 h6 26.Rdc1 dxc4 27.bxc4 Rc5 28.Qd2 Nd7 29.a4 Nb6
30.a5 Nxc4 31.Qb4 Qf4 32.h3 R5c6 33.Nxc4 bxc4 34.Rc3 h5 35.Re1 Rg6 36.Qb2 Rd8
37.Rc2 Qxf3 38.Qe5 Qxh3 39.Qe4 Qg3  0-1

[Event "Komotini GP"]
[Site "Komotini"]
[Date "1993.??.??"]
[Round "3"]
[White "Ayapbergenov, A."]
[Black "Arnason, Jon L"]
[Result "1/2-1/2"]
[WhiteElo "2300"]
[BlackElo "2530"]

1.e4 c5 2.Nf3 d6 3.Bb5+ Bd7 4.Bxd7+ Nxd7 5.O-O Ngf6 6.Re1 e6 7.b3 Be7 8.Bb2 O-O
9.c4 e5 10.Nc3 g6 11.d3 Ne8 12.Nd5 Nc7 13.Nxc7 Qxc7 14.Nd2 Qc6 15.Nf1 Bg5
16.Qg4 Bh6 17.Bc1 Bxc1 18.Raxc1 f5 19.exf5 Rxf5 20.Ne3 Rf7 21.Nd5 Nf6 22.Nxf6+ Rxf6
23.Re4 Raf8 24.f3 Kg7 25.Rce1 Rf5 26.Qg3 a6 27.h3 b5 28.Rh4 b4 29.Ree4 a5
30.f4 Rxf4 31.Rexf4 Rxf4 32.Rxf4 exf4  1/2-1/2

[Event "Kurgan"]
[Site "Kurgan"]
[Date "1993.??.??"]
[Round "?"]
[White "Rublevsky, Sergei"]
[Black "Predein, V."]
[Result "1-0"]
[WhiteElo "2525"]
[BlackElo "2315"]

1.e4 c5 2.Nf3 d6 3.Bb5+ Nd7 4.d4 cxd4 5.Qxd4 Nf6 6.Bg5 e6 7.Nc3 Be7 8.e5 dxe5
9.Nxe5 h6 10.Bxf6 Bxf6 11.O-O-O O-O 12.Bxd7 Bxe5 13.Qxe5 Bxd7 14.Ne4 Qe7
15.Qc7 Qb4 16.Nf6+ gxf6 17.Rxd7 Rac8 18.Qg3+ Kh8 19.Qe3 Kg7 20.Rd4 Qc5 21.Qd2 f5
22.g4 Kh7 23.Qd3 Rc7 24.gxf5 Qxf5 25.Qxf5+ exf5 26.Rhd1 Rg8 27.Rd7 Rxd7 28.Rxd7 Rg2
29.Rxb7 Rxf2 30.c4 Rxh2 31.c5 Re2 32.c6 Re6 33.c7 Rc6+ 34.Kd2 a5 35.Ke3 h5
36.Kd4 h4 37.Kd5 Rc2 38.Kd6  1-0

[Event "La Coruna op"]
[Site "La Coruna"]
[Date "1993.??.??"]
[Round "?"]
[White "Bellin, Robert"]
[Black "Padilla, J."]
[Result "1-0"]
[WhiteElo "2395"]
[BlackElo "2210"]

1.e4 c5 2.Nf3 d6 3.Bb5+ Nd7 4.d4 cxd4 5.Qxd4 a6 6.Bxd7+ Bxd7 7.O-O Qc7 8.Nc3 e6
9.Bf4 O-O-O 10.Bg3 e5 11.Qd3 Ne7 12.Ng5 Be8 13.f4 h6 14.Nf3 f6 15.Rad1 g5
16.fxg5 fxg5 17.Qe3 Bg7 18.Rd3 Rf8 19.Nd5 Nxd5 20.exd5 Kb8 21.Rc3 Qa5 22.Bf2 b6
23.b4 Qxb4 24.Rb3 Qc5 25.Rxb6+ Kc8 26.Qb3 Qc7 27.Rxa6 e4 28.Ra8+ Kd7 29.Ra7 exf3
30.Rxc7+  1-0

[Event "Las Palmas3"]
[Site "Las Palmas"]
[Date "1993.??.??"]
[Round "1"]
[White "Ulibin, Mikhail"]
[Black "Smirin, Ilia"]
[Result "1-0"]
[WhiteElo "2560"]
[BlackElo "2640"]

1.e4 c5 2.Nf3 d6 3.Bb5+ Nc6 4.O-O Bd7 5.c3 a6 6.Bxc6 Bxc6 7.Re1 e6 8.d4 d5
9.e5 cxd4 10.Nxd4 Bd7 11.Qg4 Ne7 12.Nd2 Ng6 13.N2f3 h6 14.h4 Qc7 15.h5 Ne7
16.Bd2 O-O-O 17.a4 Kb8 18.b4 Qc4 19.Qf4 Be8 20.b5 a5 21.Be3 Rc8 22.Nd2 Qd3
23.Rec1 g6 24.Qf6 Rg8 25.Nxe6 fxe6 26.Qxe6 Rc7 27.Ba7+ Ka8 28.Qb6 Rd7 29.e6 Nc8
30.exd7 Nxb6 31.dxe8=Q+ Kxa7 32.Qf7 Qxd2 33.Qxg8 Bc5 34.Qf7 gxh5 35.Qf3 Nc4
36.Rd1 Qb2 37.Rab1 Qa2 38.Kh1 Bxf2 39.Qxd5 Bb6 40.Ra1 Qe2 41.Re1 Qg4 42.Re4  1-0

[Event "Las Palmas3"]
[Site "Las Palmas"]
[Date "1993.??.??"]
[Round "8"]
[White "Ulibin, Mikhail"]
[Black "Garcia Ilundain, David"]
[Result "1/2-1/2"]
[WhiteElo "2560"]
[BlackElo "2480"]

1.e4 c5 2.Nf3 d6 3.Bb5+ Bd7 4.Bxd7+ Qxd7 5.O-O Nc6 6.c3 Nf6 7.d4 Nxe4 8.d5 Ne5
9.Re1 Nxf3+ 10.Qxf3 Nf6 11.c4 e5 12.dxe6 fxe6 13.Bg5 Be7 14.Nc3 h6 15.Bh4 O-O
16.Qe2 e5 17.Bxf6 Bxf6 18.Ne4 Be7 19.Rad1 Qe6 20.Rd5 b5 21.Red1 bxc4 22.Nxd6 Bxd6
23.Rxd6 Qf7 24.Rd7 Qe6 25.R1d6 Qf5 26.Qxc4+ Kh8 27.Qe2 Rab8 28.Rd1 Rb4 29.R7d3 Rf4
30.R3d2 Rd4 31.Rf1 e4 32.Rc2 Rfd8 33.h3 Qd5 34.b3 Rd2 35.Rxd2 Qxd2 36.Qa6 Rf8
37.Qc4 e3 38.fxe3 Qxe3+ 39.Kh1 Rxf1+ 40.Qxf1 Qe4  1/2-1/2

[Event "Las Vegas op"]
[Site "Las Vegas"]
[Date "1993.??.??"]
[Round "3"]
[White "Kearns, Jerry"]
[Black "Dlugy, Maxim"]
[Result "0-1"]
[WhiteElo "2275"]
[BlackElo "2550"]

1.e4 c5 2.Nf3 d6 3.Bb5+ Bd7 4.Bxd7+ Nxd7 5.O-O Ngf6 6.Re1 e6 7.c4 Qc7 8.Nc3 a6
9.d3 Be7 10.h3 O-O 11.Bf4 Rfd8 12.Qe2 Rac8 13.Bh2 Bf8 14.Rf1 Nb8 15.g4 Nc6
16.g5 Nh5 17.Nh4 g6 18.f4 Nd4 19.Qg2 Bg7 20.Rac1 b5 21.Nd1 bxc4 22.dxc4 Rb8
23.f5 Be5 24.b3 Re8 25.Ne3 Bxh2+ 26.Qxh2 Qe7 27.f6 Qd7 28.Nhg2 a5 29.Nf4 Nxf4
30.Rxf4 a4 31.bxa4 Qxa4 32.h4 Qa3 33.Rf2 Qc3 34.Ng2 Nf3+ 35.Rxf3 Qxf3 36.Qxd6 Rb2  0-1

[Event "Leeuwarden op"]
[Site "Leeuwarden"]
[Date "1993.??.??"]
[Round "9"]
[White "Van der Wiel, John TH"]
[Black "Kupreichik, Viktor D"]
[Result "1-0"]
[WhiteElo "2565"]
[BlackElo "2535"]

1.e4 c5 2.Nf3 d6 3.Bb5+ Nd7 4.d4 Nf6 5.Nc3 a6 6.Bxd7+ Qxd7 7.dxc5 dxc5 8.Qxd7+ Nxd7
9.Bf4 e6 10.a4 Be7 11.Nd2 g5 12.Bc7 Bd8 13.Bxd8 Kxd8 14.a5 Ne5 15.Na4 Bd7
16.Nb6 Rb8 17.O-O-O Ke8 18.Nf3 Nxf3 19.Nxd7 Rd8 20.Nxc5 Ne5 21.Rxd8+ Kxd8
22.Nxb7+ Kc7 23.Nc5 Kc6 24.b4 Kb5 25.c3 Kc4 26.Kc2 Rd8 27.h3 h5 28.Na4 Kb5
29.Nb2 Kc6 30.Rd1 Rg8 31.Nd3 Nd7 32.c4 f6 33.Kc3 Rb8 34.b5+ Kc7 35.Nb4 Nc5
36.Nxa6+ Nxa6 37.bxa6 Kc6 38.e5 fxe5 39.Re1 Kd6 40.Rb1 Rf8 41.a7 Ra8 42.Rb7 Kc6
43.a6 Kc5 44.Kd3 g4 45.h4  1-0

[Event "Leon"]
[Site "Leon"]
[Date "1993.??.??"]
[Round "5"]
[White "Leko, Peter"]
[Black "Yudasin, Leonid"]
[Result "1/2-1/2"]
[WhiteElo "2465"]
[BlackElo "2610"]

1.e4 c5 2.Nf3 d6 3.Bb5+ Bd7 4.Bxd7+ Nxd7 5.O-O Ngf6 6.Re1 e6 7.c3 Be7 8.d4 cxd4
9.cxd4 d5 10.e5 Ne4 11.Nbd2 Nxd2 12.Bxd2 O-O 13.Rc1 Nb8 14.Qb3 Qd7 15.Bb4 Bxb4
16.Qxb4 Nc6 17.Qa3 Rac8 18.Rc3 h6 19.Rec1 a6 20.h3  1/2-1/2

[Event "Linares NL"]
[Site "Linares"]
[Date "1993.??.??"]
[Round "10"]
[White "Garmendez, Florentino"]
[Black "Vera, Reynaldo"]
[Result "1-0"]
[WhiteElo "2310"]
[BlackElo "2515"]

1.e4 c5 2.Nf3 d6 3.Bb5+ Nc6 4.O-O Bd7 5.Re1 Nf6 6.h3 e6 7.c3 a6 8.Bf1 Rc8
9.d4 cxd4 10.cxd4 d5 11.exd5 Nxd5 12.Nc3 Nxc3 13.bxc3 Be7 14.Rb1 Na5 15.Ne5 O-O
16.Bd2 b5 17.a4 Nc4 18.axb5 axb5 19.Bxc4 bxc4 20.Qe2 Bc6 21.Nxc6 Rxc6 22.Rb7 Bf6
23.Bf4 Qd5 24.Reb1 Qf5 25.Qf3 Rcc8 26.Bd6 Qxf3 27.gxf3 Rfe8 28.f4 h6 29.Kg2 Rc6
30.Be5 Be7 31.Kf3 f6 32.Bc7 Ra6 33.R1b6 Rxb6 34.Bxb6 Bd6 35.Rd7 Bb8 36.Bc7 Ba7
37.Ke4 Kh7 38.Bd8 f5+ 39.Ke5 Bb8+ 40.Bc7 Ba7 41.Kd6 Kg6 42.Re7  1-0

[Event "SWE-ch"]
[Site "Lindesberg"]
[Date "1993.??.??"]
[Round "1"]
[White "Brynell, Stellan"]
[Black "Ernst, Thomas"]
[Result "1/2-1/2"]
[WhiteElo "2470"]
[BlackElo "2480"]

1.e4 c5 2.Nf3 d6 3.Bb5+ Nc6 4.O-O Bd7 5.Re1 Nf6 6.c3 a6 7.Bf1 e5 8.d4 cxd4
9.cxd4 Bg4 10.d5 Nd4 11.Be3 Nxf3+ 12.gxf3 Bh5 13.Nd2 Be7 14.Qb3 Qd7 15.a4 O-O
16.Bg2 Ne8 17.Nc4 Bd8 18.f4 f6 19.Bd2 exf4 20.Bxf4 Rc8 21.Rac1 b5 22.axb5 axb5
23.Na3 Rb8 24.Rc6 f5 25.e5 dxe5 26.Bxe5 Rb7 27.d6+ Bf7 28.Qd3 Nf6 29.Rc5 Rb6
30.Rxb5 Ng4 31.Bg3 f4 32.Bxf4 Nxf2 33.Qf5 Qxf5 34.Rxf5 Nd3 35.Rf1 Nxf4 36.R5xf4 Rxd6
37.Nc4 Rf6 38.Ne5 Be6 39.Rxf6 Bxf6 40.Re1  1/2-1/2

[Event "SWE-ch"]
[Site "Lindesberg"]
[Date "1993.??.??"]
[Round "12"]
[White "Brynell, Stellan"]
[Black "Jonsson, Hans"]
[Result "1/2-1/2"]
[WhiteElo "2470"]
[BlackElo "2345"]

1.e4 c5 2.Nf3 d6 3.Bb5+ Bd7 4.Bxd7+ Qxd7 5.O-O Nc6 6.c3 Nf6 7.d4 Nxe4 8.d5 Ne5
9.Nxe5 dxe5 10.Re1 Nd6 11.Rxe5 g6 12.Re1 Bg7 13.Be3 Rc8 14.Na3 O-O 15.Qd3 b5
16.Bf4 c4 17.Qe2 Rfe8 18.Rad1 Nb7 19.Be3  1/2-1/2

[Event "Lippstadt"]
[Site "Lippstadt"]
[Date "1993.??.??"]
[Round "?"]
[White "Arkhipov, Sergey"]
[Black "Petrosian, Arshak B"]
[Result "1/2-1/2"]
[WhiteElo "2515"]
[BlackElo "2490"]

1.e4 c5 2.Nf3 d6 3.Bb5+ Bd7 4.Bxd7+ Qxd7 5.O-O e6 6.c4 Nc6 7.d4 cxd4 8.Nxd4 Nf6
9.Nc3 Be7 10.b3 O-O 11.Bb2 Rfd8 12.Re1 b6 13.Rc1 a6 14.Nxc6 Qxc6 15.Qe2 Qb7
16.Rc2 Rab8 17.a4 Nd7 18.Ba3 Rbc8 19.Rd1 Nc5 20.b4 Nd7 21.Na2 b5 22.cxb5 Rxc2
23.Qxc2 axb5 24.a5 Rc8 25.Qe2 Nf6 26.Rc1 Rxc1+ 27.Bxc1 Nxe4 28.f3 Nf6 29.Nc3 Nd5
30.Nxd5 Qxd5  1/2-1/2

[Event "Lippstadt"]
[Site "Lippstadt"]
[Date "1993.??.??"]
[Round "?"]
[White "Arkhipov, Sergey"]
[Black "Lau, Ralf"]
[Result "1/2-1/2"]
[WhiteElo "2515"]
[BlackElo "2530"]

1.e4 c5 2.Nf3 d6 3.Bb5+ Nd7 4.d4 Nf6 5.e5 Qa5+ 6.Nc3 Ne4 7.Bd2 Nxc3 8.Bxd7+ Bxd7
9.Bxc3 Qa6 10.d5 Qc4 11.Qd2 Qe4+ 12.Kf1 Bh3 13.Qd1 Bg4 14.exd6 O-O-O 15.h3 Bh5
16.Qe2 Qxe2+ 17.Kxe2 Rxd6 18.Rhd1 e6 19.dxe6 Rxe6+ 20.Kf1 f6 21.Re1 Rxe1+
22.Rxe1 Bd6 23.Nh4 Re8 24.Nf5 Rxe1+ 25.Kxe1 Bf8 26.b3 b5 27.a3 Bg6 28.Ne3 Kd7
29.Ke2 Bd6 30.h4 Ke6 31.b4 Be8 32.Kd2 Bc6 33.Ke2 h5 34.Kf1 g6 35.Ke2 a6 36.Bd2 cxb4
37.axb4 f5 38.g3 f4 39.gxf4 Bxf4 40.Be1 g5 41.f3 gxh4 42.Bxh4 Bd6 43.Be1 Be7
44.c3 Bg5 45.Ng2 Bd5 46.Bg3 Bc4+ 47.Ke1 Kd7 48.Bh4 Bh6 49.Bf6 Ke6 50.Bd4 Kf7
51.Kf2  1/2-1/2

[Event "Lisboa zt"]
[Site "Lisboa"]
[Date "1993.??.??"]
[Round "5"]
[White "Galego, Luis"]
[Black "Gomez Esteban, Juan Mario"]
[Result "0-1"]
[WhiteElo "2390"]
[BlackElo "2410"]

1.e4 c5 2.Nf3 d6 3.Bb5+ Bd7 4.c4 Nc6 5.Nc3 g6 6.O-O Bg7 7.d3 Nf6 8.Bg5 h6
9.Bd2 O-O 10.Bxc6 Bxc6 11.Ne1 Nd7 12.f4 f5 13.Qe2 e6 14.Nc2 a6 15.a4 Nf6
16.Rae1 Qd7 17.a5 Rae8 18.b4 e5 19.fxe5 Rxe5 20.Bf4 Re6 21.bxc5 dxc5 22.Be3 Nxe4
23.dxe4 Bxc3 24.Rd1 Qg7 25.exf5 gxf5 26.Qf2 Rg6 27.g3 Be5 28.Bf4 Bxf4 29.Qxf4 Rg4
30.Qd6 f4 31.Rd3 Kh7 32.Re1 Rf6 33.Qxc5 fxg3 34.h3 Rgf4 35.Rdd1 g2 36.Kh2 g1=Q+  0-1

[Event "Ljubljana op"]
[Site "Ljubljana"]
[Date "1993.??.??"]
[Round "?"]
[White "Pavasovic, Dusko"]
[Black "Jazbinsek, Sebastjan"]
[Result "1-0"]
[WhiteElo "2295"]
[BlackElo "2055"]

1.e4 c5 2.Nf3 d6 3.Bb5+ Nc6 4.O-O Bd7 5.c3 a6 6.Bxc6 Bxc6 7.Re1 g6 8.d4 Bg7
9.d5 Bd7 10.e5 dxe5 11.Nxe5 Nf6 12.Qb3 b5 13.c4 O-O 14.Nc3 Rb8 15.Bf4 Rb7
16.a4 b4 17.Nc6 Bxc6 18.dxc6 Ra7 19.Nd5 Nxd5 20.cxd5 Bd4 21.Re4 Qc8 22.Rae1 e6
23.Bh6 Bg7 24.Be3 exd5 25.Qxd5 Rd8 26.Qxc5 Rc7 27.Rc4 Bf8 28.Qb6 Rd6 29.Rec1 Qd8
30.Rd4 Bg7 31.Qxc7 Rxd4 32.Qxd8+ Rxd8 33.c7 Rc8 34.Rd1 Bf6 35.Bb6 Kg7 36.Kf1  1-0

[Event "London Lloyds"]
[Site "London"]
[Date "1993.??.??"]
[Round "7"]
[White "Tkachiev, Vladislav"]
[Black "Watson, William N"]
[Result "1-0"]
[WhiteElo "2455"]
[BlackElo "2550"]

1.e4 c5 2.Nf3 d6 3.Bb5+ Bd7 4.Bxd7+ Qxd7 5.c4 Nf6 6.Nc3 Nc6 7.O-O e6 8.d4 cxd4
9.Nxd4 Be7 10.b3 O-O 11.Bb2 Rfd8 12.Re1 a6 13.Nxc6 Qxc6 14.Rc1 Qe8 15.a4 Rac8
16.Qe2 Nd7 17.Rcd1 Nc5 18.Qc2 Qc6 19.Re3 Bf6 20.Nd5 exd5 21.exd5 Qd7 22.Bxf6 gxf6
23.Rg3+ Kh8 24.Qxh7+ Kxh7 25.Rd4  1-0

[Event "London Lloyds"]
[Site "London"]
[Date "1993.??.??"]
[Round "8"]
[White "Barua, Dibyendu"]
[Black "Ward, Christopher"]
[Result "1-0"]
[WhiteElo "2510"]
[BlackElo "2460"]

1.e4 c5 2.Nf3 d6 3.Bb5+ Bd7 4.Bxd7+ Qxd7 5.O-O Nc6 6.c3 Nf6 7.Qe2 e6 8.d4 cxd4
9.cxd4 d5 10.e5 Ng8 11.a3 Nge7 12.b4 Nc8 13.Be3 Nb6 14.Nbd2 Be7 15.Rfc1 O-O
16.Ne1 Rfc8 17.Nd3 Na4 18.Nb3 b6 19.Rc2 Bf8 20.Rac1 Ne7 21.Ne1 Rxc2 22.Rxc2 Rc8
23.h3 Rxc2 24.Qxc2 Qb5 25.Nd2 a5 26.Nd3 Nc6 27.Nf3 axb4 28.axb4 Nxb4 29.Nxb4 Bxb4
30.Ng5 h6 31.Qh7+ Kf8 32.Qh8+ Ke7 33.Nh7 Qe8 34.Qxg7 Kd8 35.Bxh6 Be7 36.Nf6 Bxf6
37.Qxf6+ Kd7 38.Bd2 Nb2 39.h4 Nc4 40.Bb4 Qg8 41.h5 Qh7 42.h6 Kc6 43.Qg7 Qb1+
44.Kh2 Qxb4 45.h7 Nd2 46.h8=Q  1-0

[Event "POL-ch (Women)"]
[Site "Lublin"]
[Date "1993.??.??"]
[Round "1"]
[White "Walkusz, Malgorzata"]
[Black "Bednarska, Malgorzata"]
[Result "0-1"]
[WhiteElo "2045"]
[BlackElo "2180"]

1.e4 c5 2.Nf3 d6 3.Bb5+ Nc6 4.O-O Bd7 5.c3 Nf6 6.Re1 a6 7.Ba4 c4 8.Na3 b5
9.Bc2 e6 10.b3 cxb3 11.axb3 Be7 12.d4 b4 13.d5 bxa3 14.dxc6 Bxc6 15.Bxa3 O-O
16.e5 Bxf3 17.Qxf3 dxe5 18.Bxe7 Qxe7 19.Rxe5 Qd6 20.Qe2 g6 21.Rea5 Nd5 22.c4 Nb4
23.Be4 Rab8 24.c5 Qe5 25.Bd3 Qc3 26.Bc4 Nc2 27.R1a2 Nd4 28.Qd1 Rfd8 29.Rxa6 Nxb3
30.Rd6 Rdc8 31.Bxb3 Qxb3 32.Rc2 Qb4 33.Qc1 Rb5 34.Rc4 Rbxc5 35.Rxc5 Rxc5
36.Rd8+ Kg7 37.Qa1+ e5 38.h3 Qf4 39.Rd1 Rc2 40.Qa7 Re2 41.Qb6 h5 42.Kf1 Qc4
43.Kg1 Qc2 44.Ra1 h4 45.Qa7 Qb2 46.Rd1 e4 47.Qd4+ Qxd4 48.Rxd4 Re1+ 49.Kh2 f5
50.g3 Re2 51.Kg1 e3 52.Rxh4 Rxf2 53.Rb4 Rc2 54.Kf1 g5 55.h4 gxh4 56.gxh4 Kf6
57.Ke1 Rh2 58.Rf4 Ke5 59.Ra4 f4 60.Ra5+ Ke4 61.Kf1 Kf3 62.Kg1 Rd2 63.h5 Rd1+
64.Kh2 e2  0-1

[Event "POL-ch (Women)"]
[Site "Lublin"]
[Date "1993.??.??"]
[Round "10"]
[White "Walkusz, Malgorzata"]
[Black "Dworakowska, Joanna"]
[Result "0-1"]
[WhiteElo "2045"]
[BlackElo "2120"]

1.e4 c5 2.Nf3 d6 3.Bb5+ Bd7 4.a4 Nc6 5.O-O Nf6 6.Re1 g6 7.h3 Bg7 8.c3 a6
9.Bf1 O-O 10.d4 cxd4 11.cxd4 Qb6 12.e5 Nd5 13.Na3 Na5 14.Nc4 Nxc4 15.Bxc4 Bc6
16.Ra3 Rac8 17.Qe2 dxe5 18.dxe5 e6 19.a5 Qc7 20.Bd2 Rfd8 21.Rc1 Ne7 22.Bb4 Nf5
23.Rd3 Bxf3 24.Rxd8+ Rxd8 25.Qxf3 Bxe5 26.b3 Nd4 27.Qd1 Nc6 28.Qe1 Bd4 29.Bd2 Qg3
30.Bh6 Ne5 31.Be2 Qxb3 32.Rc7 Qd5 33.Kh1 Nc6 34.Bf3 Qd6 35.Rxb7 Ne5 36.Be2 Qc5
37.Kg1 Nc6  0-1